| 000 | 01101nam a2200205 i 4500 | ||
|---|---|---|---|
| 001 | 168140 | ||
| 003 | ES-MaACL | ||
| 005 | 20230906213712.0 | ||
| 008 | 001005s1795 sp |||| | spa d | ||
| 040 |
_aCCPB | B _bspa _cCCPB | B |
||
| 100 | 1 |
_aZayas y Sotomayor, María de. _9118124 |
|
| 245 | 1 | 0 |
_aNovelas exemplares y amorosas / _cde Doña Maria de Zayas y Sotomayor ... ; primera y segunda parte. |
| 250 | _aCorregidas y emnendadas en esta ultima impression. | ||
| 260 |
_aMadrid : _bpor Plácido Barco Lopez, _c1795. |
||
| 300 |
_a[4], 536 p. ; _c4º. |
||
| 505 | 8 | _aContiene: Aventurarse perdiendo, p. 5 ; La burlada Aminta y venganza del honor, p. 35 ; El castigo de la miseria, p. 61 ; El prevenido engañado, p. 87 ; La fuerza del amor, p. 119 ; El desengañado amado y premio de la virtud, p. 133 ; Al fin se paga todo, p. 156 ; El imposible vencido, p. 175. El Juez de su causa, p. 196 ; El jardin engañoso, p. 213. Desengaños, p. 233 | |
| 596 | _aMarca tip. en port. | ||
| 597 | _aSign. : A-Z8, 2A-2K8, 2L4, 2M. | ||
| 852 |
_aES-MaACL _jR-352 _z-- Enc. pasta _x Olim: F-4303 |
||
| 999 |
_c168140 _d168140 |
||